00650 2200193 4500001002100000005001700021008004100038035002500079082001000104090002000114111003500134245008300169250007100252260004500323300002900368650002900397850001200426990001800438YOGYA-0209000000764420150420134118.0 ind  a0010-020900000007644 a388.1 aRQ 388.1bDin P aDINAS PERHUBUNGAN [Yogyakarta] aPerencanaan umum jaringan transportasi jalanbLaporan akhircDinas Perhubungan aProgram studi sistem dan teknik transportasi program pasca sarjana aYogyakartabUniversitas gajah madac2002 axii,183 hlmbilusc29 cm aPenganngkatan jalan raya aYOPDYOG a431-BPAD/A.04